Statistics for Christopher Nolan Movies

Click here to take the quiz!

General Stats

  • This quiz has been taken 60 times
  • The average score is 10 of 12

Answer Stats

YearTitle% Correct
2010Inception
93%
2023Oppenheimer
93%
2008The Dark Knight
93%
2014Interstellar
86%
2000Memento
86%
2020Tenet
86%
2012The Dark Knight Rises
84%
2017Dunkirk
81%
2005Batman Begins
79%
2006The Prestige
74%
1998Following
72%
2002Insomnia
65%

Score Distribution

Percentile by Number Answered

Percent of People with Each Score

Your Score History

You have not taken this quiz